| 000 | 00000nam##2200000za#4500 |
| 001 | 9.604318 |
| 003 | CaOODSP |
| 005 | 20250403105144 |
| 007 | cr ||||||||||| |
| 008 | 150406|1995||||xxc|||||o f|0| 0 fre|d |
| 022 | |a1205-9161 |
| 040 | |aCaOODSP|bfre |
| 043 | |an-cn--- |
| 086 | 1 |aCS11-0019/83F-PDF |
| 245 | 00|aMesures alternatives de la durée moyenne du chômage / |h[ressource électronique]|cpar Miles Corak et Andrew Heisz. |
| 260 | |aOttawa - Ontario : |bStatistique Canada |cDécembre 1995. |
| 300 | |a19p.|bgraphiques, tableaux |
| 490 | 1 |aDocuments de recherche - Direction des études analytiques|x1205-9161|vN° 83 |
| 500 | |aLe n° de catalogue (11F0019MPF) et l'ISBN (0-660-94635-1) de l'édition imprimée ont été incorrectement copiés dans l'édition électronique. |
| 504 | |aBibliographie. |
| 520 | 3 |aL'article porte sur la robustesse d'une mesure de la durée complète moyenne du chômage au Canada par rapport à diverses hypothèses de calcul.--Résumé |
| 590 | |a12-34-Supp|b2012-07-31 |
| 691 | 07|aChômage|2gcpds |
| 710 | 2 |aStatistique Canada. |
| 720 | 1 |aCorak, Miles |
| 720 | 1 |aHeisz, Andrew |
| 775 | 08|tAlternative measures of the average duration of unemployment / |w(CaOODSP)9.574576 |
| 776 | 0#|tMesures alternatives de la durée moyenne du chômage / |w(CaOODSP)9.623611 |
| 830 | #0|aDocuments de recherche (Statistique Canada. Direction des études analytiques)|x1205-9161|vN° 83|w(CaOODSP)9.500842 |
| 856 | 40|ahttp://publications.gc.ca|qPDF|s94 Ko|uhttps://publications.gc.ca/collections/Collection/CS11-0019-83F.pdf|yN° 83 |